000 00606nam a22001937a 4500
005 20251108164102.0
008 250721s2000 xx 000 0 ara d
082 1 4 _a818.02/عرب
100 1 _aإبن عربي، محي الدين أبو بكر محمد
245 1 0 _aزبدة فصوص الحكم /
264 _bعالم الكتب،
_c2000.
300 _a72ص
490 0 _aزبدة التراث العدد ؛3
650 1 7 _aالأدب العربي
650 1 7 _aالحكم (الأمثال)
700 1 _aحمدان، عبد الحميد صالح
_eاعداد
942 _2ddc
_cBK
999 _c3228
_d3228